书目信息 |
| 题名: |
控制测量学
|
|
| 作者: | 孔祥元 , 梅是义 主编 | |
| 分册: | 下 | |
| 出版信息: | 武汉 武汉大学出版社 2002.02 |
|
| 页数: | 290页 | |
| 开本: | 20cm | |
| 丛书名: | ||
| 单 册: | ||
| 中图分类: | P221 | |
| 科图分类: | ||
| 主题词: | 大地测量学 | |
| 电子资源: | ||
| ISBN: | 7-307-03468-9 | |
| 000 | 00609nam0 2200205 450 | |
| 001 | 0559871740 | |
| 005 | 20081006150618.40 | |
| 010 | @a7-307-03468-9@dCNY 26.00 | |
| 100 | @a20050617d2002 km y0chiy0120 ea | |
| 101 | 0 | @achi |
| 102 | @aCN@b420000 | |
| 200 | 1 | @a控制测量学@Akong zhi ce liang xue@h下@f孔祥元,梅是义主编@Fkong xiang yuan,mei shi yi zhu bian |
| 210 | @a武汉@c武汉大学出版社@d2002.02 | |
| 215 | @a290页@d20cm | |
| 606 | 0 | @a大地测量学 |
| 690 | @aP221 | |
| 701 | 0 | @a孔祥元@Akong xiang yuan@4主编 |
| 701 | 0 | @a梅是义@Amei shi yi@4主编 |
| 801 | 0 | @aCN@bPFT@c20081006 |
| 905 | @a10447@dP221@eK770:2 | |
| 控制测量学.下/孔祥元,梅是义主编.-武汉:武汉大学出版社,2002.02 |
| 290页;20cm |
| ISBN 7-307-03468-9:CNY 26.00 |
| ● |
| 相关链接 |
|
|
|
正题名:控制测量学
索取号:P221/K770:2
 
预约/预借
| 序号 | 登录号 | 条形码 | 馆藏地/架位号 | 状态 | 备注 |
| 1 | 539160 | 205391609 | 社科二线400B/400B社科库 7排1列4层/ [索取号:P221/K770:2] | 在馆 | |
| 2 | 539161 | 205391618 | 自科库401/401自科库 120排2列6层/ [索取号:P221/K770:2] | 在馆 | |
| 3 | 539162 | 205391627 | 自科库401/401自科库 120排2列6层/ [索取号:P221/K770:2] | 在馆 |